Jak nasytit planetu /
Kanadský vědec českého původu se pokouší o co nejobjektivnější analýzu otázek souvisejících se zajištěním potravin pro stále rostoucí světovou populaci.
Uloženo v:
| Hlavní autor: | |
|---|---|
| Další autoři: | |
| Médium: | E-kniha |
| Jazyk: | Czech |
| Vydáno: |
Praha :
Kniha Zlin,
2025
|
| Vydání: | Vydání první |
| Edice: | Tema (Kniha Zlin)
|
| Témata: | |
| Tagy: |
Žádné tagy |
| LEADER | 02560nam a2200625 i 4500 | ||
|---|---|---|---|
| 001 | 312848 | ||
| 003 | CZ PrSKC | ||
| 005 | 20260601215729.0 | ||
| 007 | ta | ||
| 008 | 251015s2025 xr e 001 0 cze | ||
| 015 | |a cnb003713905 | ||
| 020 | |a 9788076629547 |q (vázáno) : |c Kč 499,00 | ||
| 035 | |a (OCoLC)1559933502 | ||
| 040 | |a BOA001 |b cze |e rda | ||
| 041 | 1 | |a cze |h eng | |
| 072 | 7 | |a 330.5+338 |x Národní hospodářství a hospodářská politika |2 Konspekt | |
| 080 | |a 338.439 |2 MRF | ||
| 080 | |a 338.439.66 |2 MRF | ||
| 080 | |a 338.439.02 |2 MRF | ||
| 080 | |a 316.423 |2 MRF | ||
| 080 | |a 502.131.1 |2 MRF | ||
| 080 | |a (0.062) |2 MRF | ||
| 100 | 1 | |a Smil, Vaclav, |d 1943- |7 xx0029345 |4 aut | |
| 240 | 1 | 0 | |a How to feed the world. |l Česky |
| 245 | 1 | 0 | |a Jak nasytit planetu / |c Vaclav Smil ; přeložil Ivo Magera |
| 250 | |a Vydání první | ||
| 264 | 1 | |a Praha : |b Kniha Zlin, |c 2025 | |
| 300 | |a 360 stran ; |c 20 cm | ||
| 336 | |a text |b txt |2 rdacontent | ||
| 337 | |a bez média |b n |2 rdamedia | ||
| 338 | |a svazek |b nc |2 rdacarrier | ||
| 490 | 1 | |a Tema ; |v 44 | |
| 500 | |a Přeloženo z angličtiny | ||
| 504 | |a Obsahuje bibliografické odkazy a rejstřík | ||
| 520 | 2 | |a Kanadský vědec českého původu se pokouší o co nejobjektivnější analýzu otázek souvisejících se zajištěním potravin pro stále rostoucí světovou populaci. | |
| 650 | 0 | 7 | |a zásobování potravinami |7 ph165769 |2 czenas |
| 650 | 0 | 7 | |a potravinová bezpečnost |7 ph247268 |2 czenas |
| 650 | 0 | 7 | |a potravinová politika |7 ph124423 |2 czenas |
| 650 | 0 | 7 | |a globální problémy |7 ph114633 |2 czenas |
| 650 | 0 | 7 | |a udržitelný rozvoj |7 ph126768 |2 czenas |
| 650 | 0 | 9 | |a food supply |2 eczenas |
| 650 | 0 | 9 | |a food security |2 eczenas |
| 650 | 0 | 9 | |a food policy |2 eczenas |
| 650 | 0 | 9 | |a global problems |2 eczenas |
| 650 | 0 | 9 | |a sustainable development |2 eczenas |
| 655 | 7 | |a populárně-naučné publikace |7 fd131864 |2 czenas | |
| 655 | 9 | |a popular works |2 eczenas | |
| 700 | 1 | |a Magera, Ivo, |d 1968- |7 jn20010309436 |4 trl | |
| 830 | 0 | |a Tema (Kniha Zlin) | |
| 900 | |a ABA001 |b 20 | ||
| 928 | 9 | |a Albatros Media - Kniha Zlin | |
| 044 | |a xr | ||
| 910 | |a RBIT002 | ||
| 998 | |d 423141 |a https://core.palmknihy.cz/api/books/423141/cover?t497ot |b https://core.palmknihy.cz/api/books/423141/cover/400?t497ot |c https://core.palmknihy.cz/api/books/423141/cover/50?t497ot |e 2030-06-27 |g 328 |i 9788076629547 |j https://core.palmknihy.cz/api/books/423141/preview.epub |k https://core.palmknihy.cz/api/books/423141/preview.pdf |l |q 49 |r 1 |s https://www.palmknihy.cz/kniha/423141 |t ebook |y 2025 |z 0 | ||
| 999 | |d 312846 | ||